| 000 | 00000nam##2200000za#4500 |
| 001 | 9.577589 |
| 003 | CaOODSP |
| 005 | 20210624185701 |
| 007 | cr ||||||||||| |
| 008 | 150406|2002||||xxc|||||o f|0| 0 eng|d |
| 040 | |aCaOODSP|beng |
| 043 | |an-cn--- |
| 086 | 1 |aSC91-4/2002E-PDF |
| 110 | 1 |aCanada.|bCanadian Centre for Management Development. |
| 245 | 10|aChallenges for the South African public service in the context of the new African initiative / |h[electronic resource]|c[by] Geraldine Fraser Moleketi. |
| 260 | |aOttawa - Ontario : |bCanadian Centre for Management Development |cMay 2, 2002. |
| 300 | |a33p.|btable |
| 490 | 1 |aJohn L. Manion lecture |
| 500 | |aThis publication was listed in Supplementary Checklist 13-15-Supp. The catalogue number (SC91-4/2002) and ISBN (0-662-66902-9) for the bilingual print edition have been incorrectly copied in this electronic publication. |
| 690 | 07|aConferences|2gcpds |
| 690 | 07|aFederal government|2gcpds |
| 690 | 07|aPublic administration|2gcpds |
| 775 | 08|tLes défis pour la fonction publique Sud-africaine dans le contexte de la nouvelle initiative africaine / |w(CaOODSP)9.605756 |
| 830 | #0|aJohn L. Manion Lecture.|w(CaOODSP)9.504714 |
| 856 | 40|ahttp://publications.gc.ca|qPDF|s639 KB|uhttps://publications.gc.ca/collections/Collection/SC91-4-2002E.pdf |